00472nam a2200193 a 4500001001300000003000900013005001700022008004100039020001000080082001300090100002200103245002500125260003200150300000800182500003500190505001000225650002100235700002200256nice12345678IN_TiNIC20260116011512.0050524s1960 chia grp 000 0 eng  ac13600a241bBIN aBingham, Geoffrey aCross Without Velvet aChicagobMoody Press c1960 a96p aincludes index and biblioraphy2 aIndex aChristian-Ethics1 aBingham, Geoffrey